Declaración final

में बचाया:
ग्रंथसूची विवरण
निगमित लेखक: CODEHUCA
स्वरूप: मूलपाठ
प्रकाशित: San José: CODEHUCA
टैग: टैग जोड़ें
कोई टैग नहीं, इस रिकॉर्ड को टैग करने वाले पहले व्यक्ति बनें!

MARC

LEADER 00000 a a2200000 04500
001 21751
003
040
090 |a 097400  
110 |a CODEHUCA  
245 |a Declaración final  
260 |a San José:   |b CODEHUCA  
300 |a 3 p.  
999 |c 11696  |d 11696